| 000 | 00557nam a22001697a 4500 | ||
|---|---|---|---|
| 003 | NUST | ||
| 038 | _aNusrat Nadeem | ||
| 082 | _a200 | ||
| 100 |
_aYasin Muhammad _919287 |
||
| 245 |
_aPerformance improvement of wireless cellular technology using adaptive array system/ _cMuhammad Yasin |
||
| 264 |
_aKarachi; _bPNEC NUST; _c2014. |
||
| 300 |
_a170,p; _bill; _c30,cm. |
||
| 650 |
_aPhD-Electrical Engineering _984162 |
||
| 700 |
_aSupervisor:Dr.Perrveg Akhtar _9124435 |
||
| 856 | _uhttp://10.250.8.41:8080/xmlui/handle/123456789/27002 | ||
| 942 |
_2ddc _cSC |
||
| 999 |
_c610296 _d610296 |
||